| 000 | 00353nam a22001337a 4500 | ||
|---|---|---|---|
| 008 | 131126b xxu||||| |||| 00| 0 eng d | ||
| 020 | _a0006499228 | ||
| 050 | _aPZ3.O1285I6 | ||
| 100 |
_aO'Brian, Patrick _93950 |
||
| 245 | _aThe Ionian mission | ||
| 260 |
_aLondon _bHarperCollinsPublishers _c1993 |
||
| 300 |
_a378p.; _c20cm |
||
| 942 |
_2lcc _cMONOGRAPH |
||
| 999 |
_c118711 _d118711 |
||